000
00202 a2200097 4500
001
56503
100
_a
245
_a
Aerodynamics II
260
_a
Masroor
_b
PAF Book Club]
_c
2008
090
_c
34825
_d
34825
942
_a
NUST-CAE
_c
_c
27586
999
_c
291576
_d
291576